00634 2200241 4500001002100000005001500021035002000036007000300056008004100059020002200100082001200122084001800134100002100152245003700173260005400210300003500264650001500299650001000314700000800324990002000332990002000352990002000372INLIS00000000000306020260602084039 a0010-0626000011ta260602 f 0 ind  a978-602-386-935-0 a636.082 a636.082 UTO b1 aUtomo, Ristianto1 aBahan Pakan dan Formulasi Ransum aYogyakarta :bGadjah Mada University Press,c2022 axx + 204 hlm. ;c15,5 x 23 cm. 4aPeternakan 4aPakan0 adkk a20260610.02.006 a20260610.02.007 a20260610.02.008